<An> econometric - spatial analysis of the growth and decline of shoping centres.

S použitím modelu založeného na teórii strediskových sídiel sa empiricky skúmajú dôvody pre zmeny skladby obchodných centier v čase a charakter týchto zmien vzhľadom na zloženie susediacich centier v meste. Použitie regresnej analýzy údajov o lokalizácii a vnútornej skladbe obchodných centier v Edmo...

Ausführliche Beschreibung

Gespeichert in:
Bibliographische Detailangaben
1. Verfasser: Ryan, D.L
Weitere Verfasser: Hohenbalken, B. von, West, D.S
Format: Buchkapitel
Sprache:Englisch
Schlagworte:
Tags: Tag hinzufügen
Keine Tags, Fügen Sie das erste Tag hinzu!

MARC

LEADER 00000naa a2200000 4500
001 r004640
005 20220819193434.7
041 0 |a eng 
044 |a NL 
245 1 0 |a <An> econometric - spatial analysis of the growth and decline of shoping centres.  |c D.L. Ryan, B. von Hohenbalken, D.S. West 
520 |a S použitím modelu založeného na teórii strediskových sídiel sa empiricky skúmajú dôvody pre zmeny skladby obchodných centier v čase a charakter týchto zmien vzhľadom na zloženie susediacich centier v meste. Použitie regresnej analýzy údajov o lokalizácii a vnútornej skladbe obchodných centier v Edmontone. 
610 2 0 |a analýza ekonometrická 
610 2 0 |a obchod 
610 2 0 |a mestá 
610 2 0 |a lokalizácia 
610 2 0 |a Edmonton 
610 2 0 |a analýza regresná 
100 1 |a Ryan, D.L. 
700 1 |a Hohenbalken, B. von 
700 1 |a West, D.S.